|
|
|
|
| LEADER |
01040nam a2200253 a 4500 |
| 001 |
c000313123 |
| 003 |
CARM |
| 005 |
00000000000000.0 |
| 008 |
q19811988miua b 00010 eng d |
| 019 |
1 |
|
|a 4771824
|5 LACONCORD2021
|
| 035 |
|
|
|a (OCoLC)220053122
|5 LACONCORD2021
|
| 082 |
0 |
4 |
|a 621.38415
|2 19
|
| 100 |
1 |
0 |
|a Kamil, Mohammad Ashraf.
|
| 245 |
1 |
0 |
|a Simulation of digital communication through urban/suburban multipath /
|c by Mohammad Ashraf Kamil.
|
| 260 |
|
|
|a Ann Arbor, Mich. :
|b University Microfilms International,
|c [19--]
|
| 300 |
|
|
|a x, 243 p. :
|b ill. ;
|c 20 cm.
|
| 502 |
|
|
|a Thesis (Ph.D.)--University of California, Berkeley, 1981.
|
| 504 |
|
|
|a Bibliography: p. 242-244.
|
| 650 |
|
0 |
|a Digital computer simulation.
|
| 650 |
|
0 |
|a Telecommunication systems.
|
| 650 |
|
0 |
|a Signal processing.
|
| 852 |
8 |
|
|b CARM
|h A3:AB24B0
|i B10953
|p 0470628
|f BK
|
| 999 |
f |
f |
|i 07c1130f-7643-5788-b69d-473fe10939f7
|s da9dd20a-f8b4-5c0e-90f6-2268c5cb05db
|
| 952 |
f |
f |
|p Can circulate
|a CAVAL
|b CAVAL
|c CAVAL
|d CARM 1 Store
|e B10953
|f A3:AB24B0
|h Other scheme
|i book
|m 0470628
|